ASOIAF Kings and Lords Quiz Stats

 Plays Quiz not verified by Sporcle

Challenge
Share
Tweet
Embed
Score 0/80 Timer 10:00
0 Plays Today
Criteria Character % Correct
Great Lords at the beginning of AGOTEddard Stark
99.4%
Tywin Lannister
98.5%
Tywin Lannister
98.5%
Tywin Lannister
98.5%
Stannis Baratheon
97.1%
Stannis Baratheon
97.1%
Renly Baratheon
96.8%
Renly Baratheon
96.8%
Jon Arryn
96.1%
The Small Council at the beginning of AGOTJon Arryn
96.1%
Characters who serve as Hand of the KingJon Arryn
96.1%
Mace Tyrell
95.9%
Petyr Baelish
95.9%
Mace Tyrell
95.9%
Petyr Baelish
95.9%
Mace Tyrell
95.9%
Mace Tyrell
95.9%
Petyr Baelish
95.9%
Robert Baratheon
95.8%
Characters crowned (by themselves or others) as ruler of Westeros, or a part of WesterosRobert Baratheon
95.8%
Balon Greyjoy
95.5%
Balon Greyjoy
95.5%
Doran Martell
94.2%
Doran Martell
94.2%
Jaime Lannister
94%
Jaime Lannister
94%
Jaime Lannister
94%
Robb Stark
93.5%
Great Lords at the end of ADWDRoose Bolton
93.4%
Roose Bolton
93.4%
Hoster Tully
92.2%
Varys
89.3%
Tyrion Lannister
88.8%
Barristan Selmy
88.7%
Characters who serve on the KingsguardBarristan Selmy
88.7%
Tommen Baratheon
87.8%
Tommen Baratheon
87.8%
Joffrey Baratheon
87%
Eddard Stark
87%
Daenerys Targaryen
84.8%
Criteria Character % Correct
Euron Greyjoy
82.8%
Euron Greyjoy
82.8%
Pycelle
82.8%
Pycelle
82.8%
The Small Council at the end of ADWDKevan Lannister
82.2%
Cersei Lannister
79.6%
Robert Arryn
76.5%
Meryn Trant
75.7%
Sandor Clegane
75.7%
Loras Tyrell
69.7%
Viserys Targaryen
69.5%
Boros Blount
68.2%
Mandon Moore
66.5%
Vargo Hoat
66.5%
Arys Oakheart
66.1%
Gregor Clegane
65.6%
Victarion Greyjoy
59.2%
Asha Greyjoy
58.3%
Balon Swann
58.3%
Osmund Kettleblack
57.1%
Qyburn
56.4%
Preston Greenfield
53%
Myrcella Baratheon
52.8%
Aegon Targaryen
52.8%
Mance Rayder
49.9%
Robert Strong
47.6%
Janos Slynt
45.5%
Randyll Tarly
43.8%
Harys Swyft
43.4%
Harys Swyft
43.4%
Orton Merryweather
39.9%
Amory Lorch
38.4%
Paxter Redwyne
36%
Nymeria Sand
27.6%
Characters who held HarrenhallShella Whent
19.6%
Polliver
15.2%
Bonifer Hasty
13.1%
Erik Ironmaker
12.8%
Dunstan Drumm
5.2%
Gylbert Farwynd
4.4%

You're not logged in!

Compare scores with friends on all Sporcle quizzes.
OR
Log In

You Might Also Like...

Show Comments

Extras

Top Quizzes Today


Score Distribution

Your Account Isn't Verified!

In order to create a playlist on Sporcle, you need to verify the email address you used during registration. Go to your Sporcle Settings to finish the process.

Report this User

Report this user for behavior that violates our Community Guidelines.

Details: